000 00585cab a2200241 4500
001 ABS60420
008 090401t1999 xxu||||| |||| 00| 0 eng d
035 _a(Sirsi) u93003
041 _aeng
100 _aAllen, I.
245 _aLess is Moore
260 _c1999
350 _a0
490 _aArchitects` Journal
_v209 (15) 15 April 1999, 31-39(8)
650 _aART GALLERIES
650 _aCONVERSIONS
650 _aCOST ANALYSES
650 _aSCULPTURE
650 _aWORKING DETAILS
690 _aBUILT ENVIRONMENT-BUILDING COSTS
942 _n0
948 _c27/04/1999
999 _c58941
_d58941